| 000 | 00896nam a22002177a 4500 | ||
|---|---|---|---|
| 999 |
_c17717 _d17717 |
||
| 003 | AR-CdUCM | ||
| 008 | 190509b ||||| |||| 00| 0 spa d | ||
| 040 |
_aMUNICIPALIDAD PROVINCIAL DEL CUSCO _cBIBLIOTECA MUNICIPAL DEL CUSCO |
||
| 082 |
_a900 / _bR46 |
||
| 100 |
_aRex Crawford, William _937865 |
||
| 245 | _aEl pensamiento latinoamericano de un siglo / | ||
| 260 |
_aMéxico : _bLimusa-Wiley _c1966. |
||
| 300 |
_a341 paginas ; _c20 cm. |
||
| 500 | _aTitulo original : A century of latin-american thought | ||
| 505 | _aContenido : Independencia y nacionalidad -- La generación del 42 y la posterior -- Una reacción -- Positivismo e idealismo en argentina -- La rebelion en la costa occidental... | ||
| 650 |
_aPensamiento _9461 |
||
| 650 |
_aHistoria latinoamericana _912945 |
||
| 700 |
_aChavez, Maria Teresa (Traducción) _937866 |
||
| 942 |
_2ddc _cLIBROS |
||
| 945 |
_awnts _d2019-05-09 |
||